000 00671nam a2200217Ii 4500
003 JO-AjNU
008 230606s9999||||xx |||||||||||||| ||und||
020 _a978-0-19-088290-7(pbk)/978-0-19-087332-5(hbk)
040 _aJO-AjNU
_beng
_erda
_cJO-AjNU
041 _aeng
050 1 4 _aBD175.M67.2018
100 3 _a MORAN, RICHARD,
_eauthor
_96011
245 0 4 _aTHE EXCHANGE OF WORDE: Speech, Testimony, and Intersubjectivity
250 _a1 ed
264 3 1 _aNew York: Oxford University Press, 2018
300 _a233p
336 _atext
_btxt
_2rdacontent
337 _aunmediated
_bn
_2rdamedia
338 _avolume
_bnc
_2rdacarrier
650 4 _aENGLISH READING
_96012
999 _aE3118
_c3115
_d3115